Diario 1920-1922 (Record no. 35696)

MARC details
000 -LEADER
campo de control de longitud fija 00658nam a2200193 i 4500
001 - NÚMERO DE CONTROL
campo de control 35696
003 - IDENTIFICADOR DE NÚMERO DE CONTROL
campo de control ES-MaACL
005 - FECHA Y HORA DE LA ÚLTIMA TRANSACCIÓN
campo de control 20250813063300.0
007 - CAMPO FIJO DE DESCRIPCIÓN FÍSICA--INFORMACIÓN GENERAL
campo de control de longitud fija t|
008 - DATOS DE LONGITUD FIJA--INFORMACIÓN GENERAL
campo de control de longitud fija 030213s1980 sp ||||1| spa d
100 1# - ENTRADA PRINCIPAL--NOMBRE DE PERSONA
Nombre de persona Brecht, Bertolt,
Fechas asociadas al nombre 1898-1956
9 (RLIN) 31544
245 10 - MENCIÓN DEL TÍTULO
Título Diario 1920-1922
Resto del título : notas autobiográficas 1920-1954 /
Mención de responsabilidad, etc. Bertolt Brecht ; edición de Herta Ramthun ; traducción de Juan J. del Solar B.
260 ## - PUBLICACIÓN, DISTRIBUCIÓN, ETC.
Lugar de publicación, distribución, etc. Barcelona :
Nombre del editor, distribuidor, etc. Crítica,
Fecha de publicación, distribución, etc. [1980]
300 ## - DESCRIPCIÓN FÍSICA
Extensión 244 p. ;
Dimensiones 20 cm.
700 1# - ENTRADA AGREGADA--NOMBRE PERSONAL
Nombre de persona Ramthun, Herte.
9 (RLIN) 95386
700 1# - ENTRADA AGREGADA--NOMBRE PERSONAL
Nombre de persona Solar, Juan José del,
Fechas asociadas al nombre 1946-
9 (RLIN) 107098
852 ## - LOCALIZACIÓN
Ubicación ES-MaACL
Número de control de estantería C-32465
Sublocalización o colección R.100509
Holdings
Estatus retirado Estado de pérdida Estado de daño No para préstamo Biblioteca de origen Biblioteca actual Ubicación en estantería Fecha de adquisición Fuente de adquisición Total de préstamos Signatura topográfica completa Código de barras Visto por última vez Precio de reemplazo Tipo de ítem Koha
        Biblioteca del Ateneo de Madrid Biblioteca del Ateneo de Madrid Depósito 2 17/01/2008     C-32465 1037379 23/02/2023 23/02/2023 Libro impreso